000 00440nam a2200121Ia 4500
008 160712s9999 xx 000 0 und d
100 _aAguila, Almond N.
245 _cAlmond N. Aguila
_aThe Filipino, Diaspora and a Continuing Quest for Identity
260 _c2015
_bSocial Science Diliman
300 _avol. 11 no. 2
650 _xSOCIAL SCIENCE
856 _uhttp://journals.upd.edu.ph/index.php/socialsciencediliman/issue/view/510/showToc
999 _c297116
_d297116